000 00577nam a2200229Ia 4500
003 OSt
005 20220924151205.0
006 a|||||r|||| 00| 0
007 ta
008 220923b |||||||| |||| 00| 0 ger d
024 _a336599
037 _cTextual
040 _aARTS
_cARTS
_bger
041 _2ger
_ager
082 _aO28,1MDUx, 113F6
100 _aHell Joseph Au.
_9223766
245 0 _aDeewan-e-Abu Zuaib
260 _c1926
650 _aARABIC POETRY
942 _hO28,1MDUx, 113F6
_cTEXL
_2CC
999 _c465830
_d465830